000 01239nam a2200277Ia 4500
999 _c53022
_d53022
001 20055
003 GE_BSU
005 20230223155633.0
008 181216s2006ge xx |||||||||||||| ||geo||
020 _a9994007734
040 _cGE_BSU
041 _ageo
080 _a342.4(479.22)(075.8) ნ-21
100 _aნაკაშიძე, მალხაზ
_92936
245 _aსაქართველოს კონსტიტუციის საფუძვლები :
_bსახელმძღვანელო /
_cმალხაზ ნაკაშიძე, რედ. გიორგი ხუბუა
264 _bფავორიტი,
_c2006.
300 _a280 გვ. :
_bსქემ. ;
_c 20 სმ.
504 _aბიბლიოგრ.: გვ. 263-268.
520 _aრეზ. ინგლ. ენ.. - ბიბლიოგრ.
541 _h10 ლ.
653 _aსამართალმცოდნეობა
653 _aსაქართველოს კონსტიტუცია
653 _aსაქართველოს კონსტიტუციის საფუძვლები
700 _aხუბუა, გიორგი
_917016
942 _cBK
_2udc